[Event "GER-ch Youth U14 2020"]
[Site "Willingen"]
[Date "2020.10.21"]
[Round "3.19"]
[White "Sallandt, Frido"]
[Black "Brunner, Alexander"]
[Result "1-0"]
[WhiteElo "1770"]
[BlackElo "1692"]
[Annotator "NA RC"]
[PlyCount "63"]
[EventDate "2020.10.20"]
[EventType "swiss"]
[EventRounds "7"]
[EventCountry "GER"]
[SourceTitle "playchess.com"]
[Source "ChessBase"]
[SourceQuality "1"]
[TimeControl "40/5400+30:1800+30"]

1. e4 {[%emt 0:00:00]} c5 {[%emt 0:00:00]} 2. Nc3 {[%emt 0:00:00]} a6 {[%emt 0:00:00]} 3. g3 {[%emt 0:00:07]} b5 {[%emt 0:00:32]} 4. Bg2 {[%emt 0:00:32]} Bb7 {[%emt 0:00:15]} 5. d3 {[%emt 0:02:00]} e6 {[%emt 0:02:07]} 6. f4 {[%emt 0:04:46]} d5 {[%emt 0:01:16]} 7. e5 {[%emt 0:03:50]} Qc7 {[%emt 0:03:06]} 8. Nf3 {[%emt 0:01:42]} d4 {[%emt 0:03:56]} 9. Ne4 {[%emt 0:02:11]} Nh6 {[%emt 0:03:03]} 10. O-O {[%emt 0:01:47]} Nd7 {[%emt 0:04:13]} 11. Qe1 {[%emt 0:02:28]} Be7 {[%emt 0:02:24]} 12. Bd2 {[%emt 0:01:55]} Nb6 {[%emt 0:03:55]} 13. h3 {[%emt 0:10:56]} O-O-O {[%emt 0:04:46]} 14. Nfg5 {[%emt 0:11:54]} Rdf8 {[%emt 0:03:48]} 15. g4 {[%emt 0:01:48]} Nd5 {[%emt 0:01:53]} 16. c4 {[%emt 0:10:58]} bxc4 {[%emt 0:07:06]} 17. dxc4 {[%emt 0:00:18]} Nb4 {[%emt 0:00:31]} 18. Bxb4 {[%emt 0:01:24]} cxb4 {[%emt 0:00:30]} 19. c5 {[%emt 0:00:30]} a5 {[%emt 0:05:46]} 20. Nd6+ {[%emt 0:00:48]} Bxd6 {[%emt 0:01:13]} 21. exd6 {[%emt 0:01:58]} Qb8 {[%emt 0:02:02]} 22. c6 {[%emt 0:01:16]} Ba6 {[%emt 0:00:43]} 23. Qe5 {[%emt 0:03:32]} Qb6 {[%emt 0:01:33]} 24. Rfc1 {[%emt 0:04:38]} d3+ {[%emt 0:03:25]} 25. Kh2 {[%emt 0:00:48]} Ng8 {[%emt 0:02:36]} 26. Nxf7 {[%emt 0:01:11]} Nf6 {[%emt 0:00:59]} 27. Qxe6+ {[%emt 0:01:41]} Kb8 {[%emt 0:00:41]} 28. Nxh8 {[%emt 0:00:32]} d2 {[%emt 0:00:33]} 29. c7+ {[%emt 0:03:34]} Ka7 {[%emt 0:00:02]} 30. c8=N+ {[%emt 0:00:44]} Bxc8 {[%emt 0:00:22]} 31. Rxc8 {[%emt 0:00:09]} Rxc8 {[%emt 0:00:14]} 32. Qxc8 {[%emt 0:00:07]} 1-0

[Event "GER-ch Youth U14 2020"]
[Site "Willingen"]
[Date "2020.10.21"]
[Round "3.20"]
[White "Weidenhöfer, Max"]
[Black "Meuer, David"]
[Result "0-1"]
[WhiteElo "1897"]
[BlackElo "1632"]
[Annotator "NA RC"]
[PlyCount "84"]
[EventDate "2020.10.20"]
[EventType "swiss"]
[EventRounds "7"]
[EventCountry "GER"]
[SourceTitle "playchess.com"]
[Source "ChessBase"]
[SourceQuality "1"]
[TimeControl "40/5400+30:1800+30"]

1. e4 {[%emt 0:00:00]} e6 {[%emt 0:00:00]} 2. d4 {[%emt 0:00:00]} d5 {[%emt 0:00:00]} 3. exd5 {[%emt 0:00:00]} exd5 {[%emt 0:00:00]} 4. Nf3 {[%emt 0:00:00]} Bd6 {[%emt 0:00:15]} 5. Bd3 {[%emt 0:00:00]} Nc6 {[%emt 0:00:15]} 6. c3 {[%emt 0:04:40]} Nge7 {[%emt 0:02:10]} 7. Qc2 {[%emt 0:03:08]} h6 {[%emt 0:04:38] C01: French: Exchange Variation.} 8. O-O {[%emt 0:01:10]} O-O {[%emt 0:02:03]} 9. Re1 {[%emt 0:01:03]} Re8 {[%emt 0:06:29]} 10. Nbd2 {[%emt 0:01:54] [#]} Be6 $146 {[%emt 0:08:28]} ({Predecessor:} 10... Ng6) 11. Ne5 {[%emt 0:03:26]} Qc8 {[%emt 0:07:33]} 12. Qb3 {[%emt 0:09:29]} (12. Ndf3 $14) 12... Nxe5 {[%emt 0:11:06]} 13. dxe5 {[%emt 0:00:28]} Bc5 {[%emt 0:00:44]} 14. Nf3 {[%emt 0:08:52]} Nc6 {[%emt 0:04:07]} 15. Bb1 {[%emt 0:11:00]} Ne7 {[%emt 0:15:27]} 16. Nh4 {[%emt 0:04:35]} Nf5 {[%emt 0:11:25]} 17. Nxf5 {[%emt 0:03:14]} Bxf5 {[%emt 0:00:07]} 18. Qxd5 {[%emt 0:12:44]} Bxb1 {[%emt 0:02:11]} 19. Qxc5 {[%emt 0:03:56]} Bf5 {[%emt 0:01:17]} 20. Bf4 {[%emt 0:04:02]} Be6 {[%emt 0:01:32]} 21. Qe3 {[%emt 0:02:35]} Qd7 {[%emt 0:02:17]} 22. Bxh6 {[%emt 0:10:10]} (22. Qg3 $14 Kh8 23. Qf3) 22... gxh6 {[%emt 0:00:59]} 23. Qxh6 {[%emt 0:00:13]} Rad8 {[%emt 0:01:04]} 24. h3 {[%emt 0:00:53]} Bf5 {[%emt 0:01:00]} 25. Re3 {[%emt 0:01:14]} (25. Qg5+ $1 $11 Bg6 26. e6) 25... Re6 {[%emt 0:00:58]} 26. Qf4 {[%emt 0:06:03]} Rg6 {[%emt 0:01:34]} 27. Kh2 {[%emt 0:00:42]} Qc6 {[%emt 0:03:55]} 28. g4 {[%emt 0:03:28]} Be6 {[%emt 0:01:38]} 29. Rg1 {[%emt 0:00:48]} Rd2 {[%emt 0:02:17]} 30. Reg3 {[%emt 0:01:42]} (30. b3 {is a better defense.}) 30... Rxb2 {[%emt 0:02:11]} 31. Rd3 {[%emt 0:00:42]} Qc5 {[%emt 0:01:29]} 32. Rd8+ {[%emt 0:02:01]} Kg7 {[%emt 0:00:16]} 33. Rf1 $11 {[%emt 0:01:26] and White has nothing to worry.} Bc4 {[%emt 0:01:15]} (33... Rxa2 34. Rd2) 34. Rd7 {[%emt 0:00:23]} Be6 $11 {[%emt 0:00:42]} ({Black should try} 34... Bxa2 $19 35. Qd4 Rc6 36. e6+ Qxd4 37. Rxf7+ {[#]} Kg8 $1 {[%mdl 512]} 38. cxd4 Bxe6) 35. Rd3 $2 {[%emt 0:00:15]} Rxa2 {[%emt 0:01:50]} 36. g5 {[%emt 0:00:24]} Re2 {[%emt 0:00:42]} 37. h4 {[%emt 0:01:09]} Qxe5 {[%emt 0:00:23]} 38. Qxe5+ {[%emt 0:00:01]} Rxe5 {[%emt 0:00:14]} 39. f4 {[%emt 0:00:44]} Bc4 {[%emt 0:01:48]} 40. Rfd1 {[%emt 0:00:49]} Re2+ {[%emt 0:00:31]} 41. Kg3 {[%emt 0:30:33]} Bxd3 {[%emt 0:30:17]} 42. Rxd3 {[%emt 0:00:02]} Rd6 {[%emt 0:01:50]} 0-1

[Event "GER-ch Youth U14 2020"]
[Site "Willingen"]
[Date "2020.10.21"]
[Round "3.21"]
[White "Bock, Marlon"]
[Black "Mimkes, Antal"]
[Result "0-1"]
[WhiteElo "1776"]
[BlackElo "1567"]
[Annotator "NA RC"]
[PlyCount "75"]
[EventDate "2020.10.20"]
[EventType "swiss"]
[EventRounds "7"]
[EventCountry "GER"]
[SourceTitle "playchess.com"]
[Source "ChessBase"]
[SourceQuality "1"]
[TimeControl "40/5400+30:1800+30"]

1. d4 {[%emt 0:00:00]} c5 {[%emt 0:00:00]} 2. e3 {[%emt 0:00:00]} g6 {[%emt 0:00:39]} 3. f4 {[%emt 0:01:02]} Bg7 {[%emt 0:00:46]} 4. Nf3 {[%emt 0:00:55]} Nf6 {[%emt 0:01:03]} 5. Bd3 {[%emt 0:01:18]} O-O {[%emt 0:01:05]} 6. O-O {[%emt 0:01:01]} cxd4 {[%emt 0:01:36]} 7. exd4 {[%emt 0:01:21]} d6 {[%emt 0:00:35]} 8. c3 {[%emt 0:02:59]} Nc6 {[%emt 0:02:38]} 9. Nbd2 {[%emt 0:03:23]} Bg4 {[%emt 0:02:20]} 10. h3 {[%emt 0:07:16]} Bd7 {[%emt 0:01:16]} 11. Ne4 {[%emt 0:10:20]} Qc7 {[%emt 0:02:47]} 12. Qe2 {[%emt 0:08:42]} Rfe8 {[%emt 0:03:20]} 13. Qf2 {[%emt 0:03:41]} Rf8 {[%emt 0:10:27]} 14. Bd2 {[%emt 0:06:31]} Nxe4 {[%emt 0:02:25]} 15. Bxe4 {[%emt 0:00:30]} e5 {[%emt 0:01:01]} 16. fxe5 {[%emt 0:12:04]} dxe5 {[%emt 0:01:18]} 17. Qg3 {[%emt 0:03:07]} Qb6 {[%emt 0:02:03]} 18. Bxc6 {[%emt 0:05:28]} Bxc6 {[%emt 0:02:43]} 19. Nxe5 {[%emt 0:02:17]} Qxb2 {[%emt 0:02:42]} 20. Bf4 {[%emt 0:06:43]} Be4 {[%emt 0:03:53]} 21. Rae1 {[%emt 0:02:35]} Bf5 {[%emt 0:01:38]} 22. Rf2 {[%emt 0:02:45]} Qa3 {[%emt 0:05:01]} 23. Kh2 {[%emt 0:03:22]} Rac8 {[%emt 0:01:50]} 24. Re3 {[%emt 0:00:21]} Rfe8 {[%emt 0:06:32]} 25. Rfe2 {[%emt 0:05:15]} Qa6 {[%emt 0:03:54]} 26. Qf3 {[%emt 0:02:07]} b5 {[%emt 0:07:02]} 27. g4 {[%emt 0:01:14]} Bb1 {[%emt 0:04:09]} 28. Qf1 {[%emt 0:01:38]} f6 {[%emt 0:03:46]} 29. Qxb1 {[%emt 0:01:35]} fxe5 {[%emt 0:00:23]} 30. Qb3+ {[%emt 0:00:42]} Kh8 {[%emt 0:00:26]} 31. Bxe5 {[%emt 0:01:29]} Bxe5+ {[%emt 0:01:19]} 32. Rxe5 {[%emt 0:00:12]} Rxe5 {[%emt 0:00:59]} 33. dxe5 {[%emt 0:01:08]} b4 {[%emt 0:01:38]} 34. c4 {[%emt 0:02:09]} Qxc4 {[%emt 0:05:02]} 35. Qf3 {[%emt 0:01:30]} Kg8 {[%emt 0:06:31]} 36. e6 Rf8 37. e7 Rxf3 38. e8=Q+ 0-1

[Event "GER-ch Youth U14 2020"]
[Site "Willingen"]
[Date "2020.10.21"]
[Round "3.22"]
[White "Ehrig, Leon Chris"]
[Black "Wiedersich, Hendryk"]
[Result "1/2-1/2"]
[WhiteElo "1718"]
[BlackElo "1570"]
[Annotator "NA RC"]
[PlyCount "96"]
[EventDate "2020.10.20"]
[EventType "swiss"]
[EventRounds "7"]
[EventCountry "GER"]
[SourceTitle "playchess.com"]
[Source "ChessBase"]
[SourceQuality "1"]
[TimeControl "40/5400+30:1800+30"]

1. e4 {[%emt 0:00:00]} c5 {[%emt 0:00:00]} 2. Nc3 {[%emt 0:00:00]} d6 {[%emt 0:00:00]} 3. f4 {[%emt 0:00:01]} e6 {[%emt 0:00:02]} 4. Nf3 {[%emt 0:00:08]} a6 {[%emt 0:00:36]} 5. g3 {[%emt 0:00:12]} b5 {[%emt 0:00:40]} 6. Bg2 {[%emt 0:00:24]} Bb7 {[%emt 0:00:13]} 7. d3 {[%emt 0:01:01]} Be7 {[%emt 0:01:21]} 8. O-O {[%emt 0:00:50]} Nd7 {[%emt 0:04:12]} 9. Qe2 {[%emt 0:11:10]} Qc7 {[%emt 0:06:54]} 10. Bd2 {[%emt 0:03:50]} Ngf6 {[%emt 0:06:16]} 11. Rae1 {[%emt 0:03:59]} e5 {[%emt 0:00:23]} 12. Nd1 {[%emt 0:05:42]} O-O {[%emt 0:01:33]} 13. Ne3 {[%emt 0:04:09]} Rfe8 {[%emt 0:04:37]} 14. fxe5 {[%emt 0:08:20]} Nxe5 {[%emt 0:01:02]} 15. Nxe5 {[%emt 0:00:46]} dxe5 {[%emt 0:00:07]} 16. Nf5 {[%emt 0:00:10]} Bc8 {[%emt 0:10:09]} 17. Nxe7+ {[%emt 0:03:09]} Rxe7 {[%emt 0:02:38]} 18. Bg5 {[%emt 0:00:33]} Bg4 {[%emt 0:01:12]} 19. Qe3 {[%emt 0:03:12]} Re6 {[%emt 0:01:05]} 20. Bxf6 {[%emt 0:00:30]} Rxf6 {[%emt 0:00:25]} 21. Rxf6 {[%emt 0:01:45]} gxf6 {[%emt 0:00:38]} 22. Qh6 {[%emt 0:00:26]} Qb6 {[%emt 0:00:40]} 23. h3 {[%emt 0:00:26]} Be6 {[%emt 0:02:14]} 24. Qxf6 {[%emt 0:04:38]} c4+ {[%emt 0:00:10]} 25. Kh2 {[%emt 0:01:29]} cxd3 {[%emt 0:00:12]} 26. cxd3 {[%emt 0:00:10]} Qd4 {[%emt 0:00:18]} 27. h4 {[%emt 0:04:55]} Qxb2 {[%emt 0:00:57]} 28. h5 {[%emt 0:02:58]} Rc8 {[%emt 0:05:28]} 29. Rf1 {[%emt 0:24:40]} Re8 {[%emt 0:28:24]} 30. h6 {[%emt 0:03:33]} Kf8 {[%emt 0:00:11]} 31. Rf2 {[%emt 0:01:00]} Qd4 {[%emt 0:01:11]} 32. Bh3 {[%emt 0:02:16]} Qd8 {[%emt 0:06:39]} 33. Qg7+ {[%emt 0:01:12]} Ke7 {[%emt 0:00:10]} 34. Bxe6 {[%emt 0:00:11]} Kxe6 {[%emt 0:01:01]} 35. Qxf7+ {[%emt 0:00:14]} Kd6 {[%emt 0:00:28]} 36. Qd5+ {[%emt 0:01:32]} Kc7 {[%emt 0:00:23]} 37. Rf7+ {[%emt 0:00:14]} Kb6 {[%emt 0:00:39]} 38. Rxh7 {[%emt 0:08:09]} Qg5 {[%emt 0:02:39]} 39. Qb7+ {[%emt 0:00:34]} Ka5 {[%emt 0:00:18]} 40. Qc7+ {[%emt 0:00:10]} Kb4 {[%emt 0:00:20]} 41. Qd6+ {[%emt 0:31:13]} Ka5 {[%emt 0:30:58]} 42. Ra7 {[%emt 0:00:21]} Qh5+ {[%emt 0:00:33]} 43. Kg1 {[%emt 0:00:00]} Qd1+ {[%emt 0:00:00]} 44. Kf2 {[%emt 0:00:00]} Qd2+ {[%emt 0:00:00]} 45. Kf3 {[%emt 0:00:00]} Qd1+ {[%emt 0:00:00]} 46. Ke3 {[%emt 0:00:00]} Qe1+ {[%emt 0:00:00]} 47. Kf3 {[%emt 0:00:00]} Qf1+ 48. Kg4 Rg8+ 1/2-1/2

[Event "GER-ch Youth U14 2020"]
[Site "Willingen"]
[Date "2020.10.22"]
[Round "4.1"]
[White "Albert, Markus"]
[Black "Halabi, Ibrahim"]
[Result "1-0"]
[WhiteElo "1727"]
[BlackElo "1895"]
[Annotator "NA RC"]
[PlyCount "53"]
[EventDate "2020.10.20"]
[EventType "swiss"]
[EventRounds "7"]
[EventCountry "GER"]
[SourceTitle "playchess.com"]
[Source "ChessBase"]
[SourceQuality "1"]
[TimeControl "40/5400+30:1800+30"]

{[%evp 15,46,0,41,31,41,41,33,-15,35,0,0,0,0,0,40,0,0,0,0,0,50,15,837,935,676,772,1035,1350,1013,1318,29986,29987,29987]} 1. e4 {[%emt 0:00:00]} c5 {[%emt 0:00:00]} 2. Nf3 {[%emt 0:00:00]} d6 {[%emt 0:00:05]} 3. d4 {[%emt 0:00:14]} cxd4 {[%emt 0:00:22]} 4. Nxd4 {[%emt 0:00:10]} Nf6 {[%emt 0:00:05]} 5. Nc3 {[%emt 0:00:17]} a6 {[%emt 0:00:33]} 6. Bg5 {[%emt 0:00:29]} e6 {[%emt 0:00:10]} 7. Qe2 {[%emt 0:00:17]} Be7 {[%emt 0:00:41]} 8. f4 {[%emt 0:01:22]} Qc7 {[%emt 0:02:52] B98: Sicilian Najdorf: 6 Bg5 e6 7 f4 Be7, sidelines.} 9. O-O-O {[%emt 0:03:33]} Nbd7 {[%emt 0:01:48]} 10. g4 {[%emt 0:02:18]} b5 {[%emt 0:01:40]} 11. Bg2 {[%emt 0:05:19]} Bb7 {[%emt 0:00:59]} (11... b4 $5 {[%cal Rb4c3]} 12. e5 bxc3 13. Bxa8 dxe5 14. fxe5 (14. Nc6 $2 Bb7 $19) 14... Nxe5 $14) 12. e5 {[%emt 0:02:21]} dxe5 {[%emt 0:06:32]} 13. fxe5 {[%emt 0:00:37]} Nd5 {[%emt 0:01:31]} 14. Bxe7 {[%emt 0:00:40]} Nxc3 {[%emt 0:02:10]} 15. bxc3 {[%emt 0:00:20]} Kxe7 {[%emt 0:01:13]} 16. Bxb7 {[%emt 0:00:41]} Qxb7 {[%emt 0:00:14]} 17. Rhf1 {[%emt 0:01:45]} Rac8 {[%emt 0:07:00]} 18. Qe3 {[%emt 0:06:35] [#]} Rhe8 $2 $146 {[%emt 0:09:25] [#]} (18... Ke8 $14) ({Predecessor:} 18... Qc7 19. Qg5+ Ke8 20. Rxf7 Kxf7 21. Rf1+ Nf6 22. Rxf6+ gxf6 23. Qxf6+ Kg8 24. Qxe6+ Qf7 25. Qxc8+ Kg7 26. Nf5+ {1-0 (26) Ribero,G (1901)-Salcedo,P (2035) Cali 2016}) 19. Nxe6 $1 {[%emt 0:14:20]} Kxe6 {[%emt 0:10:09]} 20. Qg5 {[%emt 0:03:22]} Nxe5 {[%emt 0:03:19]} 21. Qxg7 {[%emt 0:06:18]} Qe7 {[%emt 0:05:10]} 22. g5 {[%emt 0:01:04]} f5 {[%emt 0:06:18]} 23. Qh6+ {[%emt 0:00:46]} Ng6 {[%emt 0:01:30]} 24. Rfe1+ {[%emt 0:00:22]} Kf7 {[%emt 0:04:32]} 25. Qxh7+ {[%emt 0:00:24]} Kf8 {[%emt 0:00:13]} 26. Rxe7 {[%emt 0:00:13]} Nxe7 {[%emt 0:00:05]} 27. g6 {[%emt 0:00:18]} 1-0

[Event "GER-ch Youth U14 2020"]
[Site "Willingen"]
[Date "2020.10.22"]
[Round "4.2"]
[White "Laux, Dominik"]
[Black "Eilenberg, Jonas"]
[Result "1-0"]
[WhiteElo "2009"]
[BlackElo "2242"]
[Annotator "TA"]
[PlyCount "89"]
[EventDate "2020.10.20"]
[EventType "swiss"]
[EventRounds "7"]
[EventCountry "GER"]
[SourceTitle "playchess.com"]
[Source "ChessBase"]
[SourceQuality "1"]

{[%evp 10,89,0,-39,-36,-57,-68,-83,-30,-43,-10,-100,-12,0,19,14,52,-28,-38,-28,-35,-30,27,0,8,14,13,0,8,4,4,4,21,23,19,0,42,44,133,125,277,237,262,261,275,168,391,398,395,359,364,350,330,335,397,397,508,489,658,641,656,650,668,668,1606,1485,29950,5631,29965,29965,29966,29967,29968,29969,29969,29970,29970,29970,29984,29985,29986,391]} 1. d4 e6 2. e4 d5 3. Nc3 Nf6 4. e5 Nfd7 5. Nf3 c5 6. Bg5 Qb6 {C11: French: Classical System: 4 e5 and 4 Bg5 dxe4.} 7. dxc5 Bxc5 (7... Qxb2 8. Nb5 $16) 8. Qd2 h6 (8... Bxf2+ $17 9. Qxf2 Qxb2 {[%mdl 64] Double Attack}) 9. Bh4 $11 Nc6 {next ...g5 is good for Black.} (9... Qxb2 10. Rb1 $14) 10. O-O-O {[#]} (10. Na4 $11 {remains equal.} Bb4 11. Nxb6 Bxd2+ 12. Nxd2 (12. Kxd2 axb6 13. Bb5 O-O $11) 12... axb6 13. f4) 10... g5 $146 ({Don't play} 10... Ndxe5 $6 11. Nxe5 Nxe5 12. Qe1 $11) ({Black should try} 10... Qa5 $1 $17) ({Predecessor:} 10... Qa5 11. a3 a6 12. Kb1 b5 13. Nxd5 b4 14. axb4 Nxb4 15. Nxb4 Bxb4 16. c3 Bc5 {1-0 (59) Pourramezanali,A (2330)-Cao,S (2547) Mashhad 2011}) 11. Bg3 Bb4 12. a3 Be7 (12... Ba5 {is interesting.} 13. Nd4 Nxd4 14. Qxd4 Qxd4 15. Rxd4 Bb6) 13. Nd4 (13. Qe1 $14) 13... Nxd4 14. Qxd4 Qxd4 15. Rxd4 Bc5 (15... h5 $142 16. h4 gxh4 17. Bxh4 Nxe5) 16. Rd2 a6 17. h4 Rg8 18. Ne2 Nb8 19. hxg5 hxg5 20. Nd4 Nc6 21. Nxc6 bxc6 22. Rh7 Ke7 23. Rd3 $36 {[%mdl 2048] White is pushing.} Bb7 (23... Bd7 $14) 24. Rb3 $16 Rab8 $2 {This move loses the game for Black.} (24... Bc8 $16 {was called for.} 25. Rf3 (25. Rc3 Bb6 $16) 25... Rf8) 25. Be2 Ba8 26. Rf3 ({Not} 26. Bxa6 Rxb3 27. cxb3 Bd4 $16) 26... Rbf8 27. Bxa6 Rh8 $2 {[#]} (27... Ke8 28. Kb1 Bb6) 28. Rfxf7+ $1 $18 {[%mdl 576] Deflection} Rxf7 29. Rxh8 Rf8 30. Rxf8 Kxf8 {[%mdl 4096] Endgame KBB-KBB} 31. b4 Bb6 32. f3 Kg7 33. a4 Kg6 34. Bc8 Kf5 35. Bh2 Be3+ 36. Kd1 Bf4 37. Bxf4 gxf4 {KB-KB} 38. b5 cxb5 39. axb5 {White mates.} Kxe5 {[#]} 40. b6 $1 Kd4 41. b7 Bxb7 42. Bxb7 Ke3 43. Ke1 d4 44. Be4 e5 45. Bd3 {Av CentiPawn Loss W=-68/B=-109. Weighted=-78/-71} 1-0

[Event "GER-ch Youth U14 2020"]
[Site "Willingen"]
[Date "2020.10.22"]
[Round "4.3"]
[White "Costa, Leonardo"]
[Black "Pikalow, Michael"]
[Result "1-0"]
[WhiteElo "2165"]
[BlackElo "2021"]
[Annotator "TA"]
[PlyCount "75"]
[EventDate "2020.10.20"]
[EventType "swiss"]
[EventRounds "7"]
[EventCountry "GER"]
[SourceTitle "playchess.com"]
[Source "ChessBase"]
[SourceQuality "1"]

{[%evp 15,75,8,14,0,19,14,31,-21,-9,-14,-16,-35,-29,-35,-21,-29,-22,-26,18,-58,-45,-95,18,23,19,14,105,40,115,126,271,271,231,187,185,187,175,162,460,0,50,66,65,60,60,60,52,62,52,55,230,88,801,129,541,539,503,513,485,479,821,793]} 1. e4 c5 2. Nf3 d6 3. d4 cxd4 4. Nxd4 Nf6 5. Nc3 a6 6. Bd3 e5 7. Nde2 Be7 8. O-O O-O 9. Ng3 {B90: Sicilian Najdorf: Unusual White 6th moves, 6 Be3 Ng4 and 6 Be3 e5.} Bg4 10. Be2 Be6 {[#]} 11. Nd5 $146 (11. Be3 $14) ({Predecessor:} 11. Be3 g6 12. a4 Nbd7 13. Qd2 Rc8 14. a5 Re8 15. Nd5 Bxd5 16. exd5 Nc5 17. f3 {1-0 (46) Karjakin,S (2748)-Giri,A (2779) Riga 2019}) 11... Nxd5 $11 12. exd5 Bc8 13. c4 f5 14. Qc2 Qc7 15. Bd2 a5 16. Rfc1 Na6 17. f3 (17. a3 $1 $11) 17... g6 18. a3 h5 ({Better is} 18... Bd7 $1 $17) 19. Kh1 $36 {[%mdl 2048] Black is under pressure.} h4 20. Nf1 h3 (20... Qb6 $11) 21. gxh3 ({White has to play} 21. g4 $1 $16) 21... Kg7 (21... Kf7 $14) 22. Ne3 $16 Rh8 (22... Qd8 $16 {is a better defense.} 23. Rg1 Nc5) 23. Rg1 $18 Kf7 24. Rg2 {Black must now prevent Rag1.} Bd7 25. Rag1 Rag8 26. Bd3 {[%cal Rd3f5]} Nc5 $2 {[#]} (26... Qc8 {was called for.}) 27. Nxf5 $2 ({White must play} 27. Bxf5 $1 $18 {[%mdl 512]} gxf5 (27... Bxf5 28. Nxf5) 28. Nxf5 Rxg2 29. Rxg2 Bxf5 30. Qxf5+ Ke8 31. Rg7) 27... Nxd3 28. Nxe7 Kxe7 29. Qxd3 Bf5 30. Qe2 {Strongly threatening f4.} Rxh3 31. b4 axb4 32. axb4 Ra8 $2 ({Black should try} 32... Kf7 $14) 33. c5 (33. Rxg6 $18 {and the rest is easy. White threatens Rg7+ and mate.} Bxg6 34. Rxg6) 33... Ra3 $2 {[%mdl 8192]} (33... Kf8 $16) 34. Bf4 $2 (34. Rxg6 $18 {is the precise move to win.} Bxg6 {[#]} 35. Qg2 $1 {[%mdl 576] Double Attack}) 34... Kf6 $2 {[%mdl 8192]} (34... Kf8 $16 {is tougher.} 35. cxd6 Qxd6 36. Bxe5 (36. Qxe5 Qxe5 37. Bxe5 Rhxf3 $11) 36... Qxd5) 35. Re1 {aiming for cxd6.White is clearly winning.} ({Inferior is} 35. Bc1 Raxf3 36. Re1 Qf7 $11) 35... Kf7 36. cxd6 Qxd6 37. Bxe5 Qxd5 (37... Qd7 $142 38. Bb2 Rb3) 38. Bb2 {Av CentiPawn Loss W=-54/B=-82. Weighted=-87/-73} 1-0

[Event "GER-ch Youth U14 2020"]
[Site "Willingen"]
[Date "2020.10.22"]
[Round "4.4"]
[White "Hecht, Jonas Christian"]
[Black "Bakiev, Diyor"]
[Result "0-1"]
[WhiteElo "1764"]
[BlackElo "2070"]
[Annotator "TA"]
[PlyCount "100"]
[EventDate "2020.10.20"]
[EventType "swiss"]
[EventRounds "7"]
[EventCountry "GER"]
[SourceTitle "playchess.com"]
[Source "ChessBase"]
[SourceQuality "1"]

{[%evp 26,100,0,0,0,0,0,-64,-49,-100,-100,-95,-87,-94,-100,-109,-100,-133,-89,-129,-119,-122,-128,-156,-79,-281,-265,-269,-241,-227,-181,-277,-304,-343,-341,-322,-325,-437,-356,-346,-347,-334,-326,-497,-503,-494,-489,-460,-373,-379,-366,-361,-368,-680,-384,-403,-362,-500,-485,-635,-603,-1269,-1077,-939,-952,-949,-879,-893,-865,-29993,-29977,-5738,-5724,-29989,-29986,-29981,-1860]} 1. c4 e5 2. Nc3 Nf6 3. Nf3 Nc6 4. g3 d5 5. cxd5 Nxd5 6. Bg2 Nb6 7. O-O Be7 8. a3 O-O 9. b4 Be6 10. Rb1 f6 11. d3 a5 12. b5 Nd4 13. Nxd4 exd4 14. Na4 Bd5 {A29: English Opening: Four Knights Variation with 4 g3.} 15. Nxb6 cxb6 16. Bh3 (16. a4 $11) 16... a4 $15 {[#] Black is slightly better.} 17. Bb2 $146 (17. Bf5 $15) ({Predecessor:} 17. e4 Ba2 18. Rb2 Bb3 19. Rxb3 axb3 20. Qxb3+ Kh8 21. Bb2 Bc5 22. Rc1 Qd6 23. a4 Rae8 24. Qd1 g6 25. f4 Re7 26. Rc4 Rff7 27. Qa1 Rc7 {½-½ (27) Boehm,J-Hoeksema,H (2372) Ruhrgebiet 1998}) 17... Bc5 $17 18. Bg2 Bxg2 19. Kxg2 Qd7 20. Bc1 Rfe8 21. Re1 Re5 22. h4 Bf8 23. Qc2 Rc5 24. Qb2 Rac8 (24... Rc3 $142 25. Qa1 Rb3 26. Rxb3 axb3) 25. f3 $2 {Now White is beyond hope.} (25. Qa2+ $17 {only move.} Kh8 26. Bd2) 25... Qd5 $19 {[#] And now ...Rc2 would win.} 26. Qa1 Rc2 {aiming for ...Ra2.} 27. Rb2 R8c3 28. Rxc2 (28. Qb1 $142 Rxb2 29. Bxb2) 28... Rxc2 29. Bb2 Qxb5 30. Bxd4 Qxd3 31. Kf2 Qxa3 32. Qxa3 Bxa3 {[%mdl 4096] Endgame KRB-KRB} 33. Ra1 Rc4 34. Bxb6 (34. Rxa3 $142 Rxd4 35. Ke3) 34... Bb2 35. Ra2 a3 36. Ke3 Rb4 37. Bc5 Ra4 38. Kd3 b5 39. Be3 $2 (39. h5) 39... Kf7 40. Bc5 Ke6 41. e4 g6 42. f4 f5 43. e5 Kd5 44. Bd6 b4 45. Kc2 Kc4 46. Rxb2 a2 47. Rxa2 Rxa2+ 48. Kb1 Re2 {[#] ( -> ...Kc3)} 49. Kc1 Kc3 {[%cal Re2e1]} 50. Kd1 Re4 {Av CentiPawn Loss W=564/B=-58. Weighted=217/-46} (50... Ra2 $142 51. Bxb4+ Kxb4 52. Ke1 Kc4 53. Kf1 Kd3 54. g4 fxg4 55. e6 Re2 56. e7 Rxe7 57. Kf2 Re3 58. Kf1 h5 59. Kf2 Rf3+ 60. Kg1 Ke2 61. Kg2 Rh3 62. f5 gxf5 63. Kg1 Kf3 64. Kf1 Rh1#) 0-1